[Event "XV MIEDZYNARODOWY FESTIWAL SZACHOWY PERLA BALTYKU - GRUPA A"]
[Site "LAZY"]
[Date "1899-12-30"]
[Round "2.2"]
[White "Cukrowski, Filip"]
[Black "Kostecka, Marika"]
[Result "1-0"]
[WhiteTitle "FM"]
[BlackTitle "WCM"]
[WhiteElo "2421"]
[BlackElo "1924"]

1. e4 c5 2. Nf3 d6 3. c3 Nf6 4. Be2 Nc6 5. d4 g6 6. O-O Bg7 7. d5 Ne5 8. Nxe5 dxe5
9. Be3 Qc7 10. Nd2 O-O 11. b4 cxb4 12. cxb4 e6 13. d6 Qd7 14. f3 Rd8 15. Nc4 Ne8
16. Qc2 Qc6 17. Rac1 b6 18. b5 Qb7 19. a4 Qb8 20. a5 Nxd6 21. Rfd1 Rd7 22. Nxd6
Rxd6 23. Qxc8+ Qxc8 24. Rxc8+ Rxc8 25. Rxd6 1-0

[Event "XV MIEDZYNARODOWY FESTIWAL SZACHOWY PERLA BALTYKU - GRUPA A"]
[Site "LAZY"]
[Date "1899-12-30"]
[Round "2.3"]
[White "Ulrych, Wojciech"]
[Black "Swicarz, Maciej"]
[Result "0-1"]
[WhiteTitle "I++"]
[BlackTitle "m"]
[WhiteElo "1870"]
[BlackElo "2341"]

1. e4 d5 2. Nc3 dxe4 3. Nxe4 Bf5 4. Ng3 Bg6 5. Nf3 Nd7 6. h4 h6 7. d4 e6 8. h5
Bh7 9. Bc4 Ngf6 10. Qe2 Nb6 11. Bb3 Bd6 12. Ne5 O-O 13. O-O Nbd5 14. a3 c5 15.
c4 Ne7 16. dxc5 Bxc5 17. Bc2 Bxc2 18. Qxc2 Qd4 19. Qe2 Rad8 20. Nf3 Qg4 21. Be3
Bxe3 22. Qxe3 Nc6 23. Qc5 Rc8 24. Rad1 Rfe8 25. Nh2 Qf4 26. Rfe1 e5 27. Qb5 Re7
28. Qa4 a6 29. Nf3 e4 30. c5 Qg4 31. Nh2 Qe6 32. Qc2 Rce8 33. b4 Qe5 34. Nhf1
Nd4 35. Qc4 Nf5 36. Nxf5 Qxf5 37. Ng3 Qg5 38. Re3 Ng4 39. Ree1 e3 40. f3 Ne5 41.
f4 Nf3+ 42. gxf3 Qxg3+ 43. Kh1 Qxf3+ 44. Kh2 e2 0-1

[Event "XV MIEDZYNARODOWY FESTIWAL SZACHOWY PERLA BALTYKU - GRUPA A"]
[Site "LAZY"]
[Date "1899-12-30"]
[Round "2.4"]
[White "Hasinski, Krystian"]
[Black "Luba, Lukasz"]
[Result "0-1"]
[WhiteTitle "I++"]
[BlackTitle "I++"]
[WhiteElo "1836"]
[BlackElo "2177"]

1. c4 e5 2. Nc3 Nf6 3. g3 c6 4. Bg2 Na6 5. d3 Bc5 6. Nf3 d6 7. a3 Bg4 8. O-O h6
9. b4 Bb6 10. b5 Nc7 11. bxc6 bxc6 12. Na4 Nd7 13. Nxb6 axb6 14. h3 Be6 15. Kh2
g5 16. Nd2 d5 17. Bb2 Rg8 18. Qc2 Rc8 19. a4 Qf6 20. a5 b5 21. cxd5 Bxd5 22. Ne4
Qe7 23. d4 f5 24. Nc5 Bxg2 25. Kxg2 Nxc5 26. dxc5 e4 27. a6 Nd5 28. Bd4 Qe6 29.
e3 Ra8 30. Qb2 h5 31. f3 h4 32. Qf2 hxg3 33. Qxg3 exf3+ 34. Qxf3 Ne7 35. Kh2 Ra7
36. Qg3 Kf7 37. Rf2 b4 38. Rb2 Nd5 39. Qf3 g4 40. hxg4 Rxg4 41. Qh3 Kg6 42. Rg2
Rh7 43. a7 Rxh3+ 44. Kxh3 Kg5 45. Rxg4+ fxg4+ 46. Kg3 Nc7 47. a8=Q Nxa8 48. Rxa8
Qf7 49. Ra2 0-1

[Event "XV MIEDZYNARODOWY FESTIWAL SZACHOWY PERLA BALTYKU - GRUPA A"]
[Site "LAZY"]
[Date "1899-12-30"]
[Round "2.5"]
[White "Klusak, Piotr"]
[Black "Sobczynski, Roman"]
[Result "1/2-1/2"]
[WhiteTitle "k"]
[BlackTitle "I+"]
[WhiteElo "2152"]
[BlackElo "1849"]

1. d4 d5 2. c4 e6 3. Nc3 Nf6 4. cxd5 exd5 5. Bg5 c6 6. e3 Be7 7. Bd3 O-O 8. Qc2
h6 9. Bh4 Re8 10. Nf3 Ne4 11. Bxe7 Qxe7 12. O-O Nd7 13. b4 a6 14. Rab1 Ng5 15.
Nd2 Nf6 16. Bf5 Bxf5 17. Qxf5 Nge4 18. Ndxe4 Nxe4 19. Nxe4 Qxe4 20. Qxe4 Rxe4
21. Rb3 f5 22. f3 Re6 23. f4 Kf7 24. Kf2 Kf6 25. Rc1 Ke7 26. a4 Kd6 27. Kf3 Re7
28. Rg1 Ke6 29. g3 g6 30. h3 h5 31. Rb2 Kf6 32. Rb3 Rae8 33. Rc1 Rc8 34. Rc5 Rec7
35. Rb2 Ke6 36. a5 Kf6 37. Rbc2 Ke6 38. R5c3 Kf6 39. Rh2 Rh8 40. Rb2 Rhc8 41.
Rcc2 Ke6 42. Rh2 Rh8 43. Rhc2 Rhc8 44. Rc3 Kf6 45. h4 1/2-1/2

[Event "XV MIEDZYNARODOWY FESTIWAL SZACHOWY PERLA BALTYKU - GRUPA A"]
[Site "LAZY"]
[Date "1899-12-30"]
[Round "2.6"]
[White "Babiarz, Arkadiusz"]
[Black "Krainski, Aleksander"]
[Result "1-0"]
[WhiteTitle "I++"]
[BlackTitle "FM"]
[WhiteElo "1833"]
[BlackElo "2117"]

1. e4 e6 2. d4 d5 3. exd5 exd5 4. Nf3 Nf6 5. c4 Bb4+ 6. Nc3 O-O 7. Be2 dxc4 8.
Bxc4 Nc6 9. h3 Re8+ 10. Be3 Bf5 11. O-O Qd6 12. a3 Bxc3 13. bxc3 Nd5 14. Qd2 Nb6
15. Bd3 Qd5 16. Rab1 a6 17. c4 Nxc4 18. Bxc4 Qxc4 19. Rxb7 Rec8 20. Rc1 Qd5 21.
Rc5 Qd7 22. Qc3 Be4 23. Nd2 Bd5 24. Bf4 h6 25. Rxc7 Rxc7 26. Bxc7 Re8 27. Bg3
Qe6 28. f3 Ne7 29. Nc4 Nf5 30. Bf2 Rb8 31. Nd2 h5 32. Qa5 Ne7 33. Rc7 Nc6 34.
Qc5 Rb5 35. Qc3 Rb8 36. Bg3 h4 37. Rxc6 1-0

[Event "XV MIEDZYNARODOWY FESTIWAL SZACHOWY PERLA BALTYKU - GRUPA A"]
[Site "LAZY"]
[Date "1899-12-30"]
[Round "2.7"]
[White "Kopaczewski, Adam"]
[Black "Starosta, Martyna"]
[Result "1-0"]
[WhiteTitle "I++"]
[BlackTitle "WCM"]
[WhiteElo "2046"]
[BlackElo "1841"]

1. e4 e5 2. Nc3 Nf6 3. Nf3 Nc6 4. g3 Bb4 5. Bg2 d6 6. d3 Bg4 7. h3 Be6 8. O-O h6
9. Ne2 Ba5 10. a3 Bb6 11. c4 a5 12. Bd2 O-O 13. b4 Qe7 14. Bc3 Nh7 15. Nh4 Ng5
16. Kh2 Qd7 17. f4 exf4 18. gxf4 Nxh3 19. Qe1 Bf2 20. Rxf2 Nxf2 21. Qxf2 axb4
22. axb4 Rxa1 23. Bxa1 Bg4 24. b5 Ne7 25. Qg3 f6 26. Bf3 Bxf3 27. Nxf3 Kh7 28.
f5 Ra8 29. Bc3 Ra2 30. Nfd4 Qe8 31. Qg4 c6 32. Kg3 d5 33. Ne6 Qf7 34. b6 dxc4
35. dxc4 Rc2 36. c5 g6 37. fxg6+ Nxg6 38. N6f4 Nxf4 39. Kxf4 f5 40. exf5 h5 41.
Qg6+ Qxg6 42. fxg6+ Kxg6 43. Ke3 h4 44. Kd3 Ra2 45. Be5 h3 46. Bd6 Kf5 47. Nd4+
Kf6 48. Nxc6 h2 49. Bxh2 Rxh2 50. Nd8 Rh7 51. Kc4 Rd7 52. Nxb7 Rxb7 53. Kb5 Ke6
54. c6 Rb8 55. c7 Rc8 56. Kc6 1-0

[Event "XV MIEDZYNARODOWY FESTIWAL SZACHOWY PERLA BALTYKU - GRUPA A"]
[Site "LAZY"]
[Date "1899-12-30"]
[Round "2.8"]
[White "Korosciel, Aneta"]
[Black "Szydelko, Kazimierz"]
[Result "1-0"]
[WhiteTitle "m"]
[BlackTitle "I"]
[WhiteElo "1983"]
[BlackElo "1699"]

1. d4 Nf6 2. Nf3 e6 3. Bf4 d5 4. e3 b6 5. Be2 Bb7 6. h3 Bd6 7. Ne5 O-O 8. Nd2 Nbd7
9. c3 c5 10. Nxf7 Rxf7 11. Bxd6 Ne8 12. Bg3 c4 13. O-O Qe7 14. b3 cxb3 15. axb3
a5 16. Bd3 Nef6 17. c4 e5 18. cxd5 exd4 19. d6 Qe6 20. Bc4 Bd5 21. exd4 Raf8 22.
Qc2 Ne8 23. Rfe1 Qf5 24. Qxf5 Rxf5 25. Re7 Nef6 26. Be5 Bxc4 27. bxc4 h5 28. Re1
Rf7 29. Rxf7 Kxf7 30. Bxf6 Nxf6 31. Re7+ Kf8 32. Ne4 a4 33. Nxf6 gxf6 34. Rb7
Rf4 35. Rb8+ 1-0

[Event "XV MIEDZYNARODOWY FESTIWAL SZACHOWY PERLA BALTYKU - GRUPA A"]
[Site "LAZY"]
[Date "1899-12-30"]
[Round "2.9"]
[White "Kutowski, Marcel"]
[Black "Grzesik, Gracjan"]
[Result "0-1"]
[WhiteTitle "I"]
[BlackTitle "I+"]
[WhiteElo "1659"]
[BlackElo "1973"]

1. e4 c5 2. Nf3 d6 3. d4 cxd4 4. Qxd4 a6 5. c4 Nc6 6. Qd2 Nf6 7. Nc3 Bg4 8. Be2
g6 9. b3 Bg7 10. Bb2 O-O 11. O-O Qa5 12. Rab1 Rfc8 13. a3 Bxf3 14. Bxf3 b5 15.
b4 Qb6 16. cxb5 axb5 17. Rfd1 Ne5 18. Be2 Nc4 19. Bxc4 Rxc4 20. Nd5 Nxd5 21. Qxd5
Rac8 22. Bxg7 Kxg7 23. Rb3 e6 24. Qd3 Rd4 25. Qe2 Rcc4 26. Qb2 e5 27. Rbd3 Rxd3
28. Rxd3 Rxe4 29. h3 Rd4 30. Rc3 Rd1+ 31. Kh2 Qd4 32. Rc2 Qf4+ 0-1

[Event "XV MIEDZYNARODOWY FESTIWAL SZACHOWY PERLA BALTYKU - GRUPA A"]
[Site "LAZY"]
[Date "1899-12-30"]
[Round "2.10"]
[White "Karpus, Michal"]
[Black "Majewski, Krzysztof"]
[Result "1-0"]
[WhiteTitle "FM"]
[BlackTitle "II+"]
[WhiteElo "2312"]
[BlackElo "1727"]

1. e4 g6 2. d4 Bg7 3. Nc3 d6 4. Nf3 a6 5. Be3 b5 6. a4 b4 7. Nd5 a5 8. h3 e6 9.
Nf4 Bb7 10. Bd3 Nd7 11. c3 Ngf6 12. Qc2 e5 13. Ne2 O-O 14. dxe5 dxe5 15. cxb4
axb4 16. O-O Rc8 17. Ng3 c5 18. Nd2 Qc7 19. Bb5 Bc6 20. Bxc6 Qxc6 21. Nc4 Rfe8
22. Rfd1 Re6 23. Rd2 Nb6 24. b3 Nxc4 25. Qxc4 h5 26. f3 Bf8 27. Nf1 Nd7 28. a5
Ra8 29. Rda2 Ra6 30. Nd2 Be7 31. Qe2 c4 32. Nxc4 Bc5 33. Rd1 Bxe3+ 34. Qxe3 Nf6
35. Rad2 Kg7 36. Rd6 Qc7 37. Rxe6 Rxe6 38. Ra1 Ra6 39. Ra4 Qe7 40. Qe1 Qc5+ 41.
Kh2 h4 42. Qxh4 Nh5 43. Qe1 Nf4 44. Qxb4 Qf2 45. Qd2 Ne2 46. Ra1 Qg3+ 47. Kh1
Nf4 48. Ne3 Ra8 49. Nf1 Qh4 50. b4 Rh8 51. Qe1 Qg5 52. Qg3 Qe7 53. Rb1 Rh5 54.
Ne3 Qa7 55. Nd5 Ne6 56. Qe1 Nd4 57. Qf1 f5 58. a6 g5 59. Rc1 Kh6 60. Rc7 Qb8 61.
a7 Qf8 62. Qa6+ 1-0

[Event "XV MIEDZYNARODOWY FESTIWAL SZACHOWY PERLA BALTYKU - GRUPA A"]
[Site "LAZY"]
[Date "1899-12-30"]
[Round "2.11"]
[White "Luczak, Filip"]
[Black "Sypien, Natan"]
[Result "1-0"]
[WhiteTitle "CM"]
[BlackTitle "I"]
[WhiteElo "2114"]
[BlackElo "1769"]

1. d4 Nf6 2. c4 e6 3. g3 Bb4+ 4. Nd2 c5 5. a3 Bxd2+ 6. Qxd2 cxd4 7. Nf3 b6 8. Qxd4
Bb7 9. Bg2 Nc6 10. Qf4 Na5 11. b4 Nb3 12. Rb1 Nxc1 13. Rxc1 a5 14. O-O axb4 15.
axb4 O-O 16. Rfd1 Ra2 17. Kf1 Qb8 18. Qd4 Rc8 19. Ra1 Qa8 20. Rxa2 Qxa2 21. Qxb6
Qc2 22. Ra1 Qc3 23. Rd1 Qc2 24. Qd6 Qxc4 25. Ne1 Bxg2+ 26. Nxg2 Nd5 27. Qxd7 Rb8
28. Nf4 Qc2 29. Rd4 Qb1+ 30. Kg2 Nxf4+ 31. Rxf4 Rf8 32. b5 e5 33. Rf3 Qe4 34.
Qd3 Qb7 35. e4 f5 36. exf5 e4 37. Qc4+ Kh8 38. Re3 h5 39. Qc6 Qxc6 40. bxc6 Rxf5
41. Rxe4 Rc5 42. Re8+ Kh7 43. Rc8 Kg6 44. h4 Kf5 45. Kf3 1-0

[Event "XV MIEDZYNARODOWY FESTIWAL SZACHOWY PERLA BALTYKU - GRUPA A"]
[Site "LAZY"]
[Date "1899-12-30"]
[Round "2.12"]
[White "Kusiak, Mateusz"]
[Black "Betkowski, Andrzej"]
[Result "0-1"]
[WhiteTitle "I"]
[BlackTitle "k"]
[WhiteElo "1514"]
[BlackElo "2038"]

1. e4 g6 2. Nf3 Bg7 3. d4 c6 4. c4 d5 5. e5 f6 6. Be2 e6 7. Nc3 Nd7 8. Bf4 Ne7
9. h4 O-O 10. Bh2 dxc4 11. Bxc4 Nd5 12. Qe2 fxe5 13. Bxe5 Nxe5 14. Nxe5 Nf4 15.
Qe4 Nxg2+ 16. Qxg2 Qxd4 17. Nxg6 hxg6 18. Be2 e5 19. Rd1 Qf4 20. h5 Bf5 21. b3
Rf6 22. Bc4+ Kf8 23. h6 Bh8 24. a3 e4 25. Ne2 Qe5 26. Qg3 Qe7 27. Nd4 Qxa3 28.
Nxf5 Qa5+ 29. Kf1 Qxf5 30. Rd6 Re8 31. Rxf6+ Qxf6 32. Qe3 Re5 33. Qxa7 e3 34.
Qb8+ Re8 35. Qg3 Re5 36. Rh2 Ke7 37. Be2 Kd7 38. Kg1 Kc7 39. fxe3 Kb6 40. Qf4
Rg5+ 41. Rg2 Qa1+ 42. Kf2 Rf5 0-1

[Event "XV MIEDZYNARODOWY FESTIWAL SZACHOWY PERLA BALTYKU - GRUPA A"]
[Site "LAZY"]
[Date "1899-12-30"]
[Round "2.13"]
[White "Majocha, Piotr"]
[Black "Siekanska, Zuzanna"]
[Result "1/2-1/2"]
[WhiteTitle "I++"]
[BlackTitle "I"]
[WhiteElo "2005"]
[BlackElo "1582"]

1. c4 e6 2. Nf3 d5 3. g3 Nf6 4. Bg2 Be7 5. O-O O-O 6. d4 Nbd7 7. cxd5 exd5 8. Nc3
b6 9. Bf4 Bb7 10. Ne5 Ne4 11. Nxe4 dxe4 12. Nxd7 Qxd7 13. Rc1 Bd6 14. Bxd6 cxd6
15. e3 d5 16. f3 Ba6 17. Rf2 Bd3 18. fxe4 dxe4 19. Bf1 Bxf1 20. Qxf1 Rac8 21.
Rfc2 Rxc2 22. Rxc2 Rc8 23. Qb5 Qg4 24. Qh5 Qd7 25. Qd5 Qg4 26. Rxc8+ Qxc8 27.
Qxe4 Qc1+ 28. Kg2 Qxb2+ 29. Kh3 g6 30. d5 Qf6 31. Qc4 b5 32. Qxb5 Qf5+ 33. Kg2
Qc2+ 34. Kf3 Qf5+ 35. Ke2 Qc2+ 36. Kf1 Qxh2 37. Qe8+ Kg7 38. Qe5+ Kg8 39. d6 Qh1+
40. Ke2 Qg2+ 41. Kd3 Qf1+ 42. Ke4 Qh1+ 43. Kf4 h6 44. Qe8+ Kg7 45. d7 Qf1+ 46.
Ke5 Qb5+ 47. Ke4 Qc4+ 48. Kf3 Qf1+ 49. Ke4 Qc4+ 50. Ke5 Qc5+ 51. Ke4 Qc4+ 52.
Kf3 Qf1+ 53. Ke4 Qc4+ 54. Ke5 Qc5+ 1/2-1/2

[Event "XV MIEDZYNARODOWY FESTIWAL SZACHOWY PERLA BALTYKU - GRUPA A"]
[Site "LAZY"]
[Date "1899-12-30"]
[Round "2.14"]
[White "Szydelko, Michal"]
[Black "Jankowski, Igor"]
[Result "1-0"]
[WhiteTitle "I"]
[BlackTitle "II+"]
[WhiteElo "1843"]
[BlackElo "1662"]

1. e4 e6 2. d4 d5 3. Nd2 Nf6 4. exd5 exd5 5. Ngf3 Bd6 6. Bd3 O-O 7. O-O Bg4 8.
Re1 Nc6 9. c3 Qd7 10. Nf1 Rae8 11. Ne3 Ne4 12. h3 Bh5 13. Nxd5 Bh2+ 14. Kxh2 Qxd5
15. Be3 Kh8 16. Kg1 f5 17. Bf4 Re7 18. Be2 g5 19. Nxg5 Bxe2 20. Rxe2 Nxg5 21.
Bxg5 Rxe2 22. Qxe2 f4 23. Qg4 f3 24. g3 Qd6 25. Bf4 Qe7 26. Qxf3 Rf7 27. Qg4 Rg7
28. Qc8+ Rg8 29. Qxc7 Qf8 30. Be5+ Nxe5 31. Qxe5+ Rg7 32. Re1 Qf3 33. Re4 h5 34.
Rh4 1-0

[Event "XV MIEDZYNARODOWY FESTIWAL SZACHOWY PERLA BALTYKU - GRUPA A"]
[Site "LAZY"]
[Date "1899-12-30"]
[Round "2.15"]
[White "Straszewski, Tomasz"]
[Black "Pacuszka, Wioletta"]
[Result "1-0"]
[WhiteTitle "I"]
[BlackTitle "I++"]
[WhiteElo "1674"]
[BlackElo "1836"]

1. e4 c5 2. Nf3 e6 3. d4 cxd4 4. Nxd4 a6 5. Nc3 Qc7 6. g3 Nf6 7. Bg2 Nc6 8. O-O
d6 9. Nxc6 bxc6 10. f4 Be7 11. b3 O-O 12. Na4 Rd8 13. c4 Rb8 14. Qe2 Nd7 15. Be3
c5 16. Bd2 Bb7 17. Qe1 Bf6 18. Rd1 Bd4+ 19. Be3 Bxe3+ 20. Qxe3 Bc6 21. Qd2 Nf6
22. Nc3 Qb7 23. Rfe1 Rd7 24. Qe2 Qb4 25. Rd3 Rbd8 26. g4 Qb7 27. g5 Ne8 28. Rh3
f5 29. exf5 Bxg2 30. Qxg2 Qxg2+ 31. Kxg2 exf5 32. Rd3 Nc7 33. Na4 Kf7 34. Kf3
Re7 35. Red1 Rde8 36. R1d2 Ne6 37. Rxd6 Nd4+ 38. Kf2 Re4 39. Nxc5 Rxf4+ 40. Kg2
Rg4+ 41. Kf1 Nf3 42. Re2 Rxe2 43. Kxe2 Nxg5 44. Rxa6 Rg2+ 45. Ke3 Rxh2 46. Kf4
Nh3+ 47. Kg3 Rh1 48. Kg2 Rg1+ 49. Kxh3 f4 50. Ne4 g5 51. Kh2 Rg4 52. Rf6+ Kg7
53. Rf5 h6 54. c5 f3 55. Ng3 Rh4+ 56. Kg1 g4 57. Rxf3 Kg6 58. Rc3 1-0

[Event "XV MIEDZYNARODOWY FESTIWAL SZACHOWY PERLA BALTYKU - GRUPA A"]
[Site "LAZY"]
[Date "1899-12-30"]
[Round "2.16"]
[White "Jaroch, Karol"]
[Black "Wojtowicz, Wojciech"]
[Result "1-0"]
[WhiteTitle "m"]
[BlackTitle "II"]
[WhiteElo "2242"]
[BlackElo "1683"]

1. c4 c6 2. Nf3 Nf6 3. b3 g6 4. Bb2 Bg7 5. g3 O-O 6. Bg2 d6 7. O-O e5 8. Nc3 Re8
9. e4 c5 10. a3 Nc6 11. Ne1 Bg4 12. f3 Bd7 13. d3 Be6 14. Rb1 a5 15. Ne2 Qd7 16.
f4 Ng4 17. Nc2 Nh6 18. Qd2 Bh3 19. Ne3 Bxg2 20. Kxg2 exf4 21. Nxf4 Bxb2 22. Rxb2
f5 23. exf5 Nxf5 24. Nxf5 gxf5 25. Nh5 Rf8 26. Qg5+ Kh8 27. Nf6 Qg7 28. Qxf5 Rf7
29. Rbf2 Raf8 30. Qe6 Re7 31. Qxd6 Rd8 32. Qxc5 Re5 33. Nd5 Ne7 34. Qc7 Re8 35.
Rf8+ Qxf8 36. Qxe5+ 1-0

[Event "XV MIEDZYNARODOWY FESTIWAL SZACHOWY PERLA BALTYKU - GRUPA A"]
[Site "LAZY"]
[Date "1899-12-30"]
[Round "2.17"]
[White "Sowinski, Pawel"]
[Black "Sokolowski, Ryszard"]
[Result "1-0"]
[WhiteTitle "I+"]
[BlackTitle "k"]
[WhiteElo "1644"]
[BlackElo "2064"]

1. e4 c5 2. Nf3 e6 3. d4 cxd4 4. Nxd4 a6 5. Bd3 Bc5 6. Nb3 Be7 7. Be3 d6 8. f4
Nc6 9. O-O Nf6 10. Nc3 b5 11. Qf3 Bb7 12. e5 Nd7 13. exd6 Bxd6 14. Be4 Qc7 15.
Nd4 Rc8 16. f5 e5 17. Nd5 Qb8 18. Nb3 f6 19. c3 Nd8 20. Rad1 O-O 21. Rd2 Nf7 22.
h4 Rfe8 23. Rfd1 Ba8 24. g4 a5 25. Nxa5 Nc5 26. Bxc5 Bxc5+ 27. Kh2 Rcd8 28. Nb3
Ba7 29. Kh3 Kf8 30. Na1 Nd6 31. g5 Nc4 32. gxf6 gxf6 33. Qh5 Rxd5 34. Qh6+ Ke7
35. Qg7+ Kd6 36. Rxd5+ Bxd5 37. Rxd5+ Kc6 38. Qd7+ 1-0

[Event "XV MIEDZYNARODOWY FESTIWAL SZACHOWY PERLA BALTYKU - GRUPA A"]
[Site "LAZY"]
[Date "1899-12-30"]
[Round "2.18"]
[White "Lambrecht, Tomasz"]
[Black "Gorkiewicz, Mateusz"]
[Result "1/2-1/2"]
[WhiteTitle "II"]
[BlackTitle "I"]
[WhiteElo "1601"]
[BlackElo "1985"]

1. d4 d5 2. c4 e6 3. Nc3 Nf6 4. cxd5 exd5 5. Bg5 Be7 6. e3 O-O 7. Bd3 Nbd7 8. Nge2
Re8 9. Qc2 Nf8 10. O-O Be6 11. Rab1 a5 12. Nf4 h6 13. Bxf6 Bxf6 14. Qb3 c5 15.
Ncxd5 cxd4 16. Nxe6 Nxe6 17. e4 Nc5 18. Qc2 Rc8 19. Rbc1 Qd6 20. g3 Qe6 21. Qxc5
Rxc5 22. Rxc5 Rc8 23. Rxa5 Qc6 24. Rb5 Qa6 25. a3 Bd8 26. Rc5 Qa8 27. Rfc1 Rxc5
28. Rxc5 Qa4 29. Bc2 Qd7 30. Kg2 g6 31. Rc4 Qb5 32. Rc8 Qxb2 33. Rxd8+ Kg7 34.
Rc8 Qxa3 35. e5 Qa5 36. Be4 d3 37. Ne3 d2 38. Bxb7 Qxe5 39. Bf3 Qd4 40. Rc4 Qd6
41. Ra4 h5 42. Ra5 h4 43. Rd5 Qf6 44. gxh4 Qxh4 45. Rxd2 Qg5+ 46. Kf1 Qf4 47.
Kg2 Qg5+ 48. Kf1 Qa5 49. Rd1 Qa4 50. Kg2 Qf4 51. Rd5 Qf6 52. Ng4 Qf4 53. h3 Qc4
54. Rd7 Qe6 55. Rb7 Qf5 56. h4 Qf4 57. Re7 Qb4 58. Re4 Qc5 59. Rf4 Qd6 60. Rf6
Qc5 61. Rc6 Qb5 62. Rd6 Qc5 63. Rd5 Qc4 64. h5 gxh5 65. Rxh5 Qf4 66. Ne3 Qf6 67.
Rf5 Qg6+ 68. Kf1 Qa6+ 69. Be2 Qa1+ 70. Kg2 Qa8+ 71. Bf3 Qa4 72. Bd5 f6 73. Rf3
Qa5 74. Rg3+ Kf8 75. Rg8+ Ke7 76. Rg7+ Kd8 77. Rf7 Qb6 78. Kf3 Qd6 79. Be4 Qe6
80. Rh7 Qd6 81. Nf5 Qd1+ 82. Kg2 Qg4+ 83. Ng3 1/2-1/2

[Event "XV MIEDZYNARODOWY FESTIWAL SZACHOWY PERLA BALTYKU - GRUPA A"]
[Site "LAZY"]
[Date "1899-12-30"]
[Round "2.19"]
[White "Zabron, Maksym"]
[Black "Plocica, Krzysztof"]
[Result "0-1"]
[WhiteTitle "I"]
[BlackTitle "I"]
[WhiteElo "1797"]
[BlackElo "1656"]

1. d4 d5 2. Bg5 Nf6 3. Bxf6 gxf6 4. Nf3 Nc6 5. e3 Bg7 6. c4 O-O 7. cxd5 Qxd5 8.
Nc3 Qd8 9. Bd3 e5 10. O-O exd4 11. Nxd4 Nxd4 12. exd4 f5 13. Qh5 Qxd4 14. Bxf5
Bxf5 15. Qxf5 Rad8 16. Rfe1 Qb6 17. Ne4 Rfe8 18. h4 Re5 19. Qg4 f5 20. Qg5 Rde8
21. Rad1 fxe4 22. Qg4 e3 23. fxe3 Rxe3 24. Rxe3 Qxe3+ 25. Kh1 Qf2 26. h5 Qe2 0-1

[Event "XV MIEDZYNARODOWY FESTIWAL SZACHOWY PERLA BALTYKU - GRUPA A"]
[Site "LAZY"]
[Date "1899-12-30"]
[Round "2.20"]
[White "Smietanska, Wiktoria"]
[Black "Cyra, Dariusz"]
[Result "1/2-1/2"]
[WhiteTitle "CM"]
[BlackTitle "I"]
[WhiteElo "1595"]
[BlackElo "1791"]

1. c4 e5 2. Nc3 Nf6 3. Nf3 Nc6 4. e4 Bc5 5. Nxe5 Nxe5 6. d4 Bb4 7. dxe5 Nxe4 8.
Qf3 Nxc3 9. bxc3 Bc5 10. Qg3 g6 11. Bg5 Be7 12. Bh6 Bf8 13. Be3 Bg7 14. Bg5 f6
15. exf6 Bxf6 16. Qe3+ Kf7 17. Bxf6 Qxf6 18. Be2 Re8 19. Qd3 Qe5 20. Rd1 d6 21.
Rd2 Bg4 22. f3 Bf5 23. Qd5+ Qxd5 24. cxd5 Re3 25. c4 Rae8 26. Kf2 Rc3 27. g4 Bc8
28. Rb1 Ree3 29. Rbd1 b6 30. Bd3 Re7 31. Rb1 a5 32. Rb3 Rc1 33. Be2 Ba6 34. c5
Bxe2 35. cxd6 cxd6 36. Rxe2 Rxe2+ 37. Kxe2 Rc2+ 38. Ke3 Rxa2 39. Rxb6 Ke7 40.
Rb7+ Kf6 41. Rxh7 Ke5 42. Rg7 Ra3+ 43. Kf2 Kf6 44. Rg8 Rd3 45. Ra8 Rxd5 46. Ke3
Rb5 47. f4 Rb3+ 48. Ke4 Rb4+ 49. Ke3 Rb3+ 50. Ke4 Rb4+ 1/2-1/2

[Event "XV MIEDZYNARODOWY FESTIWAL SZACHOWY PERLA BALTYKU - GRUPA A"]
[Site "LAZY"]
[Date "1899-12-30"]
[Round "2.21"]
[White "Rogala, Milosz"]
[Black "Pyzio, Amelia"]
[Result "1-0"]
[WhiteTitle "II"]
[BlackTitle "I++"]
[WhiteElo "1791"]
[BlackElo "1616"]

1. e4 e5 2. Nf3 Nc6 3. d4 exd4 4. Bc4 Nf6 5. e5 Ng4 6. Bxf7+ Kxf7 7. Ng5+ Kg8 8.
Qxg4 h6 9. Nf3 d6 10. e6 Qf6 11. O-O Bxe6 12. Qg3 Nb4 13. Nxd4 Qxd4 14. c3 Qc4
15. cxb4 Re8 16. Bd2 d5 17. Rc1 Qa6 18. Rxc7 Bf7 19. Rc1 Kh7 20. Bc3 Bg6 21. Nd2
Bd6 22. Qf3 d4 23. Bxd4 Bxb4 24. Nb3 Rhf8 25. Qg3 Re7 26. Nc5 Qe2 27. Nb3 Rfe8
28. h3 Rd8 29. Qg4 Qb5 30. Bc3 Bd6 31. Nd4 Qe5 32. Nf3 Qd5 33. Rd1 Qb5 34. Nd4
Qd7 35. Qxd7 Rexd7 36. Re1 a6 37. Nf3 Bc7 38. Ne5 Bxe5 39. Rxe5 Rc8 40. Rae1 Rc6
41. Re7 Rcd6 42. Kh2 Bf5 43. R1e5 Rg6 44. g4 Rxe7 45. gxf5 Rxe5 46. fxg6+ Kxg6
47. Bxe5 Kf7 48. Kg3 g6 49. h4 Ke6 50. Bg7 1-0

[Event "XV MIEDZYNARODOWY FESTIWAL SZACHOWY PERLA BALTYKU - GRUPA A"]
[Site "LAZY"]
[Date "1899-12-30"]
[Round "2.22"]
[White "Kruczynski, Marek"]
[Black "Sandomierski, Cyprian"]
[Result "1-0"]
[WhiteTitle "I"]
[BlackTitle "II+"]
[WhiteElo "1744"]
[BlackElo "1597"]

1. e4 c5 2. Ne2 d6 3. Ng3 Nc6 4. Bb5 Bd7 5. O-O e6 6. c3 a6 7. Bxc6 Bxc6 8. d4
Nf6 9. Nd2 d5 10. e5 Nd7 11. f4 g6 12. Nf3 Bg7 13. Ng5 h6 14. Nxf7 Kxf7 15. f5
exf5 16. Nxf5 gxf5 17. Rxf5+ Bf6 18. Qh5+ Kg7 19. Qg4+ Kf7 20. Qh5+ Ke7 21. exf6+
Nxf6 22. Rxf6 Kxf6 23. Bf4 Qe8 24. Qh4+ Kg6 25. Re1 Qf7 26. Re7 Qg8 27. Be5 Kf5
28. Qf4+ 1-0

[Event "XV MIEDZYNARODOWY FESTIWAL SZACHOWY PERLA BALTYKU - GRUPA A"]
[Site "LAZY"]
[Date "1899-12-30"]
[Round "2.23"]
[White "Sloniewska, Alicja"]
[Black "Sloniewski, Michal"]
[Result "0-1"]
[WhiteTitle "I"]
[BlackTitle "I"]
[WhiteElo "1531"]
[BlackElo "1744"]

1. d4 d5 2. c4 e6 3. Nc3 c6 4. Nf3 Nf6 5. Bg5 dxc4 6. e3 b5 7. Be2 Nbd7 8. O-O
Bb7 9. Qc2 Be7 10. Nd2 O-O 11. Bf3 Nd5 12. Bxe7 Qxe7 13. b3 cxb3 14. Nxb3 c5 15.
dxc5 Nb4 16. Qe2 Bxf3 17. Qxf3 Nxc5 18. Nxb5 Nxa2 19. Rxa2 Nxb3 20. Rb1 Nc5 21.
Rab2 a5 22. Nd4 a4 23. Ra2 e5 24. Nf5 Qe6 25. Rba1 e4 26. Qf4 Rab8 27. h3 g6 28.
Nh6+ Kg7 29. Ng4 Qf5 30. Qh6+ Kg8 31. Qh4 Kg7 32. Qh6+ Kh8 33. Rd2 Qh5 34. Qf4
Qf5 35. Qh6 Rfd8 36. Rc2 Rbc8 37. Rac1 a3 38. Rxc5 Rxc5 39. Rxc5 Qe6 40. Ra5 a2
41. Rxa2 Qxa2 42. Qh4 Rd1+ 43. Kh2 Qe6 44. Qf6+ Qxf6 45. Nxf6 Kg7 46. Nxe4 f5
47. Ng5 h6 48. Nf3 Kf6 49. h4 Ke6 50. Kg3 Ra1 51. Nd4+ Ke5 52. Nc6+ Ke4 53. Ne7
Ra6 54. Ng8 g5 55. Ne7 Re6 56. Nc8 Kd5 57. hxg5 hxg5 58. f3 Kc6 59. e4 fxe4 60.
fxe4 Kb7 61. Nd6+ Rxd6 62. Kg4 Rd2 63. Kxg5 Rxg2+ 64. Kf6 Kc7 65. Ke6 Kd8 66.
e5 Ke8 67. Kf6 Ra2 68. Ke6 Ra6+ 69. Kd5 Ke7 70. Kd4 Ke6 0-1

[Event "XV MIEDZYNARODOWY FESTIWAL SZACHOWY PERLA BALTYKU - GRUPA A"]
[Site "LAZY"]
[Date "1899-12-30"]
[Round "2.24"]
[White "Morczynski, Joachim"]
[Black "Lazniewski, Tadeusz"]
[Result "1-0"]
[WhiteTitle "III"]
[BlackTitle "II+"]
[WhiteElo "1733"]
[BlackElo "1518"]

1. e4 c5 2. Nf3 Nc6 3. Bb5 a6 4. Bxc6 dxc6 5. O-O g6 6. d3 Bg7 7. c3 Nf6 8. Be3
c4 9. e5 Ng4 10. dxc4 Qxd1 11. Rxd1 Nxe5 12. Nxe5 Bxe5 13. Bd4 Bf6 14. Bxf6 exf6
15. Nd2 Bf5 16. Re1+ Kf8 17. Ne4 Bxe4 18. Rxe4 Re8 19. Rae1 Rxe4 20. Rxe4 Kg7
21. Re7 Rd8 22. Kf1 Rd1+ 23. Ke2 Ra1 24. Rxb7 Rxa2 25. Kd3 c5 26. Ke4 Ra1 27.
Kd5 Rd1+ 28. Kxc5 Rd2 29. b4 Rd3 30. Kb6 Rxc3 31. c5 Ra3 32. c6 a5 33. bxa5 Rb3+
34. Ka7 Rc3 35. c7 1-0

[Event "XV MIEDZYNARODOWY FESTIWAL SZACHOWY PERLA BALTYKU - GRUPA A"]
[Site "LAZY"]
[Date "1899-12-30"]
[Round "3.1"]
[White "Koziak, Vitali"]
[Black "Kopaczewski, Adam"]
[Result "1-0"]
[WhiteTitle "IM"]
[BlackTitle "I++"]
[WhiteElo "2473"]
[BlackElo "2046"]

1. d4 Nf6 2. c4 e6 3. Nf3 b6 4. Nc3 Bb4 5. Qc2 Bb7 6. a3 Bxc3+ 7. Qxc3 h6 8. e3
d6 9. Be2 Nbd7 10. O-O O-O 11. b4 c5 12. Bb2 Ne4 13. Qb3 cxd4 14. Bxd4 Rc8 15.
Rfd1 Qc7 16. Rac1 Rfd8 17. Bb2 a6 18. Nd4 Nef6 19. f3 Qb8 20. e4 Re8 21. Bf1 Red8
22. Rc2 Ne8 23. Rcd2 Qc7 24. Qe3 Ne5 25. Rc1 Nd7 26. Nb3 Qb8 27. Rcd1 Qc7 28.
Rd4 Ne5 29. Rc1 Nd7 30. Qd2 Kf8 31. Rd1 Kg8 32. Rc1 Kf8 33. a4 Kg8 34. a5 Bc6
35. Kh1 Rb8 36. Ba3 Ne5 37. axb6 Qxb6 38. Na5 Rdc8 39. Rb1 Qa7 40. b5 axb5 41.
cxb5 d5 42. f4 Ng4 43. Nxc6 Rxc6 44. exd5 exd5 45. Bb2 Rcc8 46. Ra1 Qc5 47. Qb4
Qxb4 48. Rxb4 Nd6 49. Bd4 Nf5 50. Ba7 Rb7 51. b6 Ra8 52. Rbb1 Nge3 53. Bb5 Nd4
54. Ba6 Rbxa7 55. bxa7 Nc6 56. Bb7 Rxa7 57. Bxc6 1-0

[Event "XV MIEDZYNARODOWY FESTIWAL SZACHOWY PERLA BALTYKU - GRUPA A"]
[Site "LAZY"]
[Date "1899-12-30"]
[Round "3.2"]
[White "Grzesik, Gracjan"]
[Black "Cukrowski, Filip"]
[Result "1-0"]
[WhiteTitle "I+"]
[BlackTitle "FM"]
[WhiteElo "1973"]
[BlackElo "2421"]

1. c4 e5 2. Nc3 Nf6 3. g3 d5 4. cxd5 Nxd5 5. Bg2 Nb6 6. d3 Be7 7. Nf3 Nc6 8. O-O
O-O 9. a3 a5 10. Be3 Be6 11. Rc1 a4 12. Ne4 Nd5 13. Bc5 Ra5 14. Qc2 Bg4 15. e3
f6 16. Bxe7 Ndxe7 17. Nc5 Qa8 18. Qc4+ 1-0